01400pab a2200193 454500008004000000100002600040245009600066260000900162300001500171362001200186520077800198650001800976700001600994773005101010908000601061909001101067999001901078952010901097180718b2013 xxu||||| |||| 00| 0 eng d aColley, Linda Katurah aChanging patterns of privatization: Ideology, economics necessity, or political opportunism c2013 ap.865-875. aOct-Dec aThis article considers privatization decisions by governments in four Australian states over twenty years of micro-economic reform. It focuses on the policy frameworks and political context for privatizing government enterprises, drawing on Kingdon's framework for policy change to analyze differences in the substance and timing of decisions. In the 1990s, governments considered privatization as an economic and political strategy to resolve the problem of state-level fiscal crises, but the patterns of adoption were variable. Two states resisted the general trend toward privatization, but recently changed their position. We argue that the recent financial crisis provided a window for reintroducing contentious reform initiatives that had lost momentum. - Reproduced. aPrivatization aHead, Brian aInternational Journal of Public Administration aN a102536 c102534d102534 00104070aIIPAbIIPAd2018-07-19hVolume no: 36, Issue no: 12-14pAR102996r2018-07-19w2018-07-19yAR